Emily Osment Filmography - Statistics

General Stats
  • This quiz has been taken 25 times
    2 since last reset
  • The average score is 8 of 73
Answer Stats
Type Year Name % Correct
TV Show 2006-2011 Hannah Montana
100%
Film 2009 Hannah Montana: The Movie
100%
Film 2011 Beverly Hills Chihuahua 2
50%
Film 2012 Beverly Hills Chihuahua 3: Viva la Fiesta!
50%
Film 2013 From Up on Poppy Hill
50%
Film 2005 Lilo & Stitch 2: Stitch Has a Glitch
50%
Film 2007 R. L. Stine's The Haunting Hour: Don't Think About It
50%
Short Film 2013 Seasick Sailor
50%
Film 2008 Soccer Mom
50%
Film 2002 Spy Kids 2: The Island of Lost Dreams
50%
Film 2003 Spy Kids 3-D: Game Over
50%
Short Film 2008 Surviving Sid
50%
Film 1999 The Secret Life of Girls
50%
TV Show 2022-2024 Young Sheldon
50%
TV Pilot 2018 25
0%
TV Show 1999 3rd Rock from the Sun
0%
TV Film 2014 A Daughter's Nightmare
0%
TV Show 2024 After Midnight
0%
TV Show 2019-2020 Almost Family
0%
TV Show 2014 American Dad!
0%
TV Film 2021 A Very Merry Bridesmaid
0%
TV Show 1998 Biba Bear
0%
TV Special 2007 Bravo Supershow
0%
TV Film 2018 Christmas Wonderland
0%
Web Series 2013-2014 Cleaners
0%
Short Film 2015 Climate Change Deniers' Anthem
0%
TV Film 2011 Cyberbully
0%
TV Film 2009 Dadnapped
0%
TV Show 2021 DeadEndia
0%
Web Series 2022 Dead End: Paranormal Park
0%
TV Show 2006, 2008, 2009 Disney 365
0%
TV Show 2006 Disney 411
0%
TV Show 2007, 2008 Disney's Really Short Report
0%
Short Film 2000 Edwurd Fudwupper Fibbed Big
0%
TV Show 2002, 2006 Express Yourself
0%
TV Show 2012-2021 Family Guy
0%
Video Game 2012 Family Guy: Back to the Multiverse
0%
TV Show 2001 Friends
0%
TV Show 2024-Present Georgie & Mandy's First Marriage
0%
Video Game 2017 Girls Mode 4: Star Stylist
0%
Film 2008 Hannah Montana: One in a Million
0%
Film 2006 Holidaze: The Christmas That Almost Didn't Happen
0%
TV Show 2010 Jonas
0%
TV Show 2010-2012 Kick Buttowski: Suburban Daredevil
0%
Film 2014 Kiss Me
0%
Film 2014 LifeTime
0%
TV Show 2012 Life with Boys
0%
Film 2016 Love Is All You Need?
0%
TV Show 2015-2016 Mom
0%
TV Show 2025 Name That Tune
0%
Film 2015 No Way Jose
0%
Web Series 2021 Pretty Smart
0%
TV Show 2007 Punk'd
0%
Web Series 2014 Rainbow Brite
0%
TV Film 1999 Sarah, Plain and Tall: Winter's End
0%
TV Show 2007 Shorty McShorts' Shorts
0%
TV Special 2006 Sing-Along Bowl-Athon
0%
TV Film 2023 Stolen Baby: The Murder of Heidi Broussard
0%
Short Film 2018 Tea Time with Mr. Patterson
0%
TV Show 2006, 2008 The Disney Channel Games
0%
Documentary Series 2006 The Greatest
0%
Web Series 2018-2021 The Kominsky Method
0%
Film 2019 The Life of Makayla Mercedes Zuniga
0%
TV Show 2019 The Masked Singer
0%
TV Show 2009 The Suite Life on Deck
0%
TV Show 2002 Total Access 24/7
0%
TV Show 2007 Total Request Live
0%
TV Show 2000 Touched by an Angel
0%
TV Show 2013 Two and a Half Men
0%
Film 2007 Wish Gone Amiss
0%
Film 2009 Wizards on Deck with Hannah Montana
0%
TV Mini-Series 2014 Young & Foodies
0%
TV Show 2014-2018 Young & Hungry
0%
No matching quizzes found
Score Distribution
Percent of People with Each Score
Percentile by Number Answered
Your Score History
You have not taken this quiz since the last reset